| 000 | 01358nam a2200277 a 4500 | ||
|---|---|---|---|
| 001 | 000000638 | ||
| 005 | 20240510073817.0 | ||
| 008 | 090331s2006 dr 000 0 spa d | ||
| 020 | _z9993432058 | ||
| 040 |
_aDO-SdBNP _bspa _cBNPHU |
||
| 082 |
_a248.4 _bS211b |
||
| 100 | 1 |
_aSánchez, Susana _92135 |
|
| 245 | 1 | 3 |
_aEl buen humor de Dios : _bgozo en medio de la prueba y el sufrimiento / _cSusana Sánchez. |
| 260 |
_aSanto Domingo : _bLetras Gráficas, _c2006. |
||
| 300 |
_a261 p. ; _c23 cm. |
||
| 490 | 1 | _aPensamiento teológico | |
| 504 | _aBibliografía p: 255-261 | ||
| 500 | _aIncluye datos biografícos de la autora en la solapa de la cubierta. | ||
| 505 | 0 |
_tPreámbulo -- _tPrefacio -- _tIntroducción -- _tEl buen humor de Dios -- _tLos jardines de la conformidad -- _tLa región del Caribe -- _tFortalecimiento nuestro espiritualidad del desierto árido al agua del espíritu -- _tLa marcha por desierto de muerte -- _tLos bellos valles del estancamiento -- _tEl testimonio del gozo en medio de la prueba -- _tHacia una pastoral de consolación para el Caribe y América Latina del siglo XXI -- _tBibliografía. |
|
| 590 | _aInventariado, 2018/ YL | ||
| 650 | 0 |
_aVida cristiana _9668 |
|
| 650 | 4 |
_aSufrimiento _92136 |
|
| 650 | 4 |
_aMisericordia divina _92137 |
|
| 830 | 0 |
_aPensamiento teológico _92138 |
|
| 910 | _aValidado. Control de calidad MMOLINA | ||
| 999 |
_c635 _d635 |
||